000 00324nam a22001457a 4500
008 230207b ||||| |||| 00| 0 eng d
020 _a9780393977684
041 _aeng
080 _2SEVENTH EDITION
_a159.9
082 _a159.9GLE
100 _a25
101 _aPSI
245 _aPSYCHOLOGY
_cGLEITMAN H
942 _2udc
_cBK
999 _c59328
_d59328